| 000 | 03464nam0a2200397 4500 | ||
|---|---|---|---|
| 001 | RU\NLR\BIBL_A\022639733 | ||
| 005 | 20251211094839.0 | ||
| 010 |
_a978-5-398-03293-2 _9100 |
||
| 021 |
_aRU _bКН-П-25-050113 _9КН-П-25-4843 |
||
| 035 | _a(NLR Aleph) 022639733 | ||
| 090 |
_a13497692 _c13497692 |
||
| 100 | _a20251008d2025 k y0rusy50 ca | ||
| 101 | 0 |
_arus _aeng _akaz |
|
| 102 | _aRU | ||
| 105 | _aac z 110zy | ||
| 181 | 0 |
_ai3 _baxxe |
|
| 182 | 0 | _an | |
| 200 | 1 |
_aЗдоровье детей в руках педиатров _eматериалы юбилейной научно-практической конференции с международным участием, посвященной 50-летию кафедры факультетской и госпитальной педиатрии Пермского государственного медицинского университета имени академика Е. А. Вагнера, г. Пермь, 23-24 мая 2025 г. _fМинистерство здравоохранения Пермского края, Федеральное государственное бюджетное образовательное учреждение высшего образования "Пермский государственный медицинский университет имени Е. А. Вагнера" Министерства здравоохранения Российской Федерации, Некомерческое акционерное общество "Медицинский университет Астана", Республика Казахстан _gредакционная коллегия: член-корр. РАН, профессор, д-р мед. наук Е. Г. Фурман [и др.]. |
|
| 203 |
_aТекст _bвизуальный _cнепосредственный |
||
| 210 |
_aПермь _cИзд-во Пермского национального исследовательского политехнического университета _d2025 |
||
| 215 |
_a151 с. _cил., портр. _d21 |
||
| 300 | _aТекст докл. на рус., англ. и казах. яз. | ||
| 320 | _aБиблиогр. в конце докл. | ||
| 601 | 0 | 2 |
_aПермский государственный медицинский университет им. Е. А. Вагнера _bКафедра факультетской и госпитальной педиатрии _2nlr_sh2 _3RU\NLR\AUTH\6601763865 |
| 606 | 1 |
_aДети _xБолезни _jСъезды, совещания и т.п _2nlr_sh1 _2nlr_sh2 _3RU\NLR\AUTH\669499 |
|
| 686 | 1 | _aР733я431(2) | |
| 686 | 1 | _aР.е(2)л31 | |
| 702 | 1 |
_aФурман _bЕ. Г. _f1973- _gЕвгений Григорьевич _4340 |
|
| 711 | 1 | 2 |
_a"Здоровье детей в руках педиатров", юбилейная научно-практическая конференция с международным участием _f2025 _eПермь _3RU\NLR\AUTH\880632576 |
| 712 | 0 | 2 |
_aПермский государственный медицинский университет им. Е. А. Вагнера _3RU\NLR\AUTH\880394042 _4475 |
| 712 | 0 | 2 |
_aМедицинский университет Астана _3RU\NLR\AUTH\880558345 _4570 |
| 942 | _cBOOK | ||
| 980 | _aNB | ||